[Event "Chigorin Memorial 27th"]
[Site "St Petersburg"]
[Date "2019.10.06"]
[Round "2"]
[White "Savinov, Leonid"]
[Black "Stepanov, Artem"]
[Result "1-0"]
[WhiteElo "2086"]
[BlackElo "1401"]
[PlyCount "73"]
[EventDate "2019.10.05"]
[EventType "swiss"]
[EventRounds "9"]
[EventCountry "RUS"]
[SourceTitle "EXT 2020"]
[Source "ChessBase"]
[SourceDate "2019.10.17"]
[SourceVersion "1"]
[SourceVersionDate "2019.10.17"]
[SourceQuality "1"]

1. c4 Nf6 2. Nc3 g6 3. Nf3 d6 4. g3 Bg7 5. Bg2 c6 6. 0-0 Nbd7 7. d4 0-0 8. e4 e5 9. Re1 Qe7 10. b3 Rd8 11. Ba3 Ne8 12. Qd2 Qf6 13. Rad1 Nc7 14. dxe5 dxe5 15. Qd6 Ne6 16. Qe7 Qxe7 17. Bxe7 Re8 18. Bd6 a5 19. Na4 b6 20. Rc1 Ra7 21. Red1 Nd8 22. Bh3 Ne6 23. Bxe6 Rxe6 24. Nxb6 Rxd6 25. Rxd6 Nxb6 26. Rxc6 Bg4 27. Kg2 Nd7 28. h3 Be6 29. Ng5 Nb8 30. Rd6 Bd7 31. Rcd1 a4 32. Rb6 Ra8 33. Rxb8+ Rxb8 34. Rxd7 axb3 35. axb3 Rxb3 36. Nxf7 Rc3 37. Rc7 1-0

[Event "St Petersburg Korchnoi Memorial op"]
[Site "St Petersburg"]
[Date "2019.08.19"]
[Round "6"]
[White "Andreev, Konstantin"]
[Black "Savinov, Leonid"]
[Result "1/2-1/2"]
[WhiteElo "2271"]
[BlackElo "2106"]
[PlyCount "119"]
[EventDate "2019.08.14"]
[EventType "swiss"]
[EventRounds "9"]
[EventCountry "RUS"]
[SourceTitle "CBM 192"]
[Source "ChessBase"]
[SourceDate "2019.10.31"]
[SourceVersion "1"]
[SourceVersionDate "2019.10.31"]
[SourceQuality "1"]

1. e4 c5 2. Nf3 g6 3. d4 cxd4 4. Qxd4 f6 5. h4 Nc6 6. Qd1 Nh6 7. h5 g5 8. Nc3 Nf7 9. Bc4 e6 10. Be3 a6 11. a4 Qc7 12. 0-0 b6 13. Qe2 Bc5 14. Rad1 Bb7 15. Bxc5 bxc5 16. Qe3 g4 17. Ne1 Nce5 18. Be2 Rg8 19. Nd3 Nxd3 20. cxd3 Rg5 21. f4 gxf3 22. Qxf3 f5 23. Qf4 0-0-0 24. Qxc7+ Kxc7 25. Rd2 Rdg8 26. Bd1 Ne5 27. b3 Rg3 28. Kh2 Rxd3 29. Rxd3 Nxd3 30. exf5 Rxg2+ 31. Kh3 Nf2+ 32. Kh4 exf5 33. h6 f4 34. Bh5 Kd8 35. Re1 Rg3 36. Re2 Rh3+ 37. Kg5 Rxh5+ 38. Kxh5 Bf3+ 39. Kg5 Bxe2 40. Nxe2 Nd3 41. Nxf4 Nxf4 42. Kxf4 Ke7 43. Ke5 d6+ 44. Kd5 Kd7 45. a5 Kc7 46. Ke6 Kc6 47. Kf6 d5 48. Kg7 d4 49. Kxh7 d3 50. Kg6 d2 51. h7 d1Q 52. h8Q Qd3+ 53. Kg5 Qd2+ 54. Kf5 Qd3+ 55. Kf4 Kb5 56. Qc8 Qd6+ 57. Ke3 Kxa5 58. Qb7 Qd4+ 59. Ke2 Qc3 60. Qb8 1/2-1/2

[Event "St Petersburg Korchnoi Memorial op"]
[Site "St Petersburg"]
[Date "2019.08.17"]
[Round "4"]
[White "Chetverikov, Georgy"]
[Black "Savinov, Leonid"]
[Result "0-1"]
[WhiteElo "1700"]
[BlackElo "2106"]
[PlyCount "118"]
[EventDate "2019.08.14"]
[EventType "swiss"]
[EventRounds "9"]
[EventCountry "RUS"]
[SourceTitle "CBM 192"]
[Source "ChessBase"]
[SourceDate "2019.10.31"]
[SourceVersion "1"]
[SourceVersionDate "2019.10.31"]
[SourceQuality "1"]

1. e4 c5 2. c3 Nf6 3. e5 Nd5 4. d4 cxd4 5. cxd4 b6 6. Nc3 Bb7 7. Nf3 e6 8. Bd3 Nxc3 9. bxc3 Be7 10. 0-0 0-0 11. Bf4 Nc6 12. Bc2 f6 13. exf6 Rxf6 14. Bg5 Rxf3 15. Bxe7 Nxe7 16. gxf3 Nd5 17. Be4 Qg5+ 18. Kh1 Nxc3 19. Qc1 Qxc1 20. Raxc1 Nxe4 21. fxe4 Bxe4+ 22. Kg1 Bc6 23. f4 Rf8 24. Rf2 Rf5 25. Kf1 Rd5 26. Rd1 Kf7 27. Ke2 Ra5 28. Ke3 Kf6 29. Rd3 Rh5 30. Kd2 g6 31. Ra3 a5 32. Re3 b5 33. h3 Rd5 34. Kd3 b4 35. Re5 d6 36. Rxd5 Bxd5 37. Ke3 a4 38. Rb2 b3 39. axb3 Bxb3 40. Rb1 Ke7 41. Kd3 Kd7 42. Rc1 a3 43. Kc3 Bd5 44. Kd3 a2 45. Ke3 h5 46. Re1 Ke7 47. Rc1 Kf6 48. Rg1 Bb3 49. Kd3 Kf5 50. Kc3 Bd5 51. Kb2 Be4 52. Kxa2 Kxf4 53. h4 Ke3 54. Rd1 Kf2 55. Kb3 Kg3 56. Re1 d5 57. Kc3 Kxh4 58. Rg1 g5 59. Kd2 g4 0-1

[Event "St Petersburg Korchnoi Memorial op"]
[Site "St Petersburg"]
[Date "2018.08.23"]
[Round "9"]
[White "Tsvetkov, Andrey1111"]
[Black "Savinov, Leonid"]
[Result "1-0"]
[WhiteElo "2297"]
[BlackElo "2062"]
[PlyCount "67"]
[EventDate "2018.08.15"]
[EventType "swiss"]
[EventRounds "9"]
[EventCountry "RUS"]
[SourceTitle "CBM 186 Extra"]
[Source "ChessBase"]
[SourceDate "2018.08.24"]
[SourceVersion "1"]
[SourceVersionDate "2018.08.24"]
[SourceQuality "1"]

1. Nf3 Nf6 2. d4 c5 3. d5 e6 4. c4 b5 5. Bg5 Qa5+ 6. Nbd2 Ne4 7. b4 Qxb4 8. Rb1 Qc3 9. Rb3 Qa5 10. Rxb5 Qc3 11. Rb3 Qa5 12. Bf4 Nxd2 13. Nxd2 d6 14. dxe6 fxe6 15. g3 Nc6 16. Bg2 Bd7 17. 0-0 e5 18. Ne4 Qc7 19. Bg5 h6 20. Bc1 Be7 21. Rd3 0-0 22. Nxd6 Nd4 23. Nb5 Bxb5 24. cxb5 Rab8 25. e3 c4 26. Rc3 Nxb5 27. Rxc4 Qd8 28. Qh5 Nd6 29. Rg4 Qd7 30. Bd5+ Kh8 31. e4 Qe8 32. Qxe5 Rf6 33. Bxh6 Bf8 34. Bxg7+ 1-0

[Event "St Petersburg Korchnoi Memorial op"]
[Site "St Petersburg"]
[Date "2018.08.22"]
[Round "8"]
[White "Savinov, Leonid"]
[Black "Klepikov, Nikita"]
[Result "1/2-1/2"]
[WhiteElo "2062"]
[BlackElo "2245"]
[PlyCount "118"]
[EventDate "2018.08.15"]
[EventType "swiss"]
[EventRounds "9"]
[EventCountry "RUS"]
[SourceTitle "CBM 186 Extra"]
[Source "ChessBase"]
[SourceDate "2018.08.24"]
[SourceVersion "1"]
[SourceVersionDate "2018.08.24"]
[SourceQuality "1"]

1. e4 e5 2. Nf3 Nc6 3. Bb5 a6 4. Bxc6 dxc6 5. d3 Bg4 6. h3 Bh5 7. g4 Bg6 8. Nxe5 Bd6 9. Nxg6 hxg6 10. Nc3 Qh4 11. Be3 Nf6 12. Qf3 Nxg4 13. 0-0-0 Nf6 14. d4 Bb4 15. e5 Qh5 16. Qxh5 Nxh5 17. Ne4 0-0-0 18. c3 Be7 19. Rhg1 Rde8 20. Kc2 Bd8 21. Kd3 f6 22. f4 g5 23. fxg5 fxe5 24. Rdf1 Nf4+ 25. Bxf4 exf4 26. Rf3 Rh5 27. Rg4 Reh8 28. Rgxf4 Bxg5 29. Rf8+ Rxf8 30. Rxf8+ Bd8 31. Rf3 Be7 32. Rg3 Kd7 33. Rxg7 Rxh3+ 34. Kc4 Ke6 35. Nc5+ Bxc5 36. dxc5 Rh4+ 37. Kb3 b5 38. cxb6 cxb6 39. Ra7 Kd6 40. Rxa6 b5 41. a4 Kc5 42. Ka3 bxa4 43. Ra5+ Kb6 44. Rxa4 Rh3 45. Re4 Kc5 46. Rg4 Kb5 47. Rb4+ Kc5 48. Kb3 Rg3 49. Rh4 Kb5 50. Rh5+ c5 51. Rh8 Rg4 52. Rb8+ Kc6 53. c4 Rh4 54. Rg8 Kb6 55. Rg6+ Ka5 56. Rg3 Rh1 57. Ka3 Ra1+ 58. Kb3 Rh1 59. Rc3 Rg1 1/2-1/2

[Event "Chigorin Memorial 25th"]
[Site "St Petersburg"]
[Date "2017.10.23"]
[Round "3"]
[White "Gogin, Maksim"]
[Black "Savinov, Leonid"]
[Result "1-0"]
[WhiteElo "2296"]
[BlackElo "2035"]
[PlyCount "75"]
[EventDate "2017.10.21"]
[EventType "swiss"]
[EventRounds "9"]
[EventCountry "RUS"]
[SourceTitle "CBM 181 Extra"]
[Source "ChessBase"]
[SourceDate "2017.12.12"]
[SourceVersion "1"]
[SourceVersionDate "2017.12.12"]
[SourceQuality "1"]

1. d4 d5 2. Nf3 c6 3. c4 e6 4. Qb3 f5 5. Nc3 Nf6 6. Bg5 Nbd7 7. e3 Be7 8. Bd3 Ne4 9. Bf4 Ndf6 10. 0-0 0-0 11. Be5 b6 12. cxd5 exd5 13. Rac1 Kh8 14. Qa4 Bd7 15. Qc2 a5 16. Ne2 Kg8 17. h3 c5 18. dxc5 bxc5 19. Nf4 c4 20. Bxe4 fxe4 21. Nd4 Ra6 22. Bxf6 Bxf6 23. Nxd5 Qc8 24. Nxf6+ Raxf6 25. Qxc4+ Kh8 26. Qxc8 Bxc8 27. Rc6 Ba6 28. Rxf6 gxf6 29. Rc1 Rb8 30. b3 a4 31. Rc6 axb3 32. axb3 Bd3 33. Rxf6 Kg7 34. Rf4 Ra8 35. b4 Ra1+ 36. Kh2 Rb1 37. b5 h5 38. Kg3 1-0

[Event "Chigorin Memorial 25th"]
[Site "St Petersburg"]
[Date "2017.10.21"]
[Round "1"]
[White "Li, Yankai"]
[Black "Savinov, Leonid"]
[Result "1-0"]
[WhiteElo "2455"]
[BlackElo "2035"]
[PlyCount "61"]
[EventDate "2017.10.21"]
[EventType "swiss"]
[EventRounds "9"]
[EventCountry "RUS"]
[SourceTitle "CBM 181 Extra"]
[Source "ChessBase"]
[SourceDate "2017.12.12"]
[SourceVersion "1"]
[SourceVersionDate "2017.12.12"]
[SourceQuality "1"]

1. e4 e5 2. Nf3 Nc6 3. Nc3 Nf6 4. Bb5 d6 5. d4 exd4 6. Nxd4 Bd7 7. Nxc6 Bxc6 8. Bxc6+ bxc6 9. 0-0 Be7 10. b3 0-0 11. Bb2 Re8 12. f4 d5 13. e5 Bc5+ 14. Kh1 Nd7 15. Qg4 Re6 16. Na4 Bf8 17. Rae1 Qe8 18. f5 Rxe5 19. Bxe5 Nxe5 20. Qd4 f6 21. Nc5 Qh5 22. Ne6 Bd6 23. h3 Nf7 24. c4 Ng5 25. Nxg5 Qxg5 26. Rf3 Rd8 27. cxd5 Be5 28. Qc5 Qd2 29. Rxe5 fxe5 30. Qe7 Rf8 31. f6 1-0

[Event "Chigorin Memorial 22nd"]
[Site "St Petersburg"]
[Date "2014.10.25"]
[Round "8"]
[White "Savinov, Leonid"]
[Black "Batyuk, Artem"]
[Result "1/2-1/2"]
[WhiteElo "2184"]
[BlackElo "2324"]
[PlyCount "119"]
[EventDate "2014.10.18"]
[EventType "swiss"]
[EventRounds "9"]
[EventCountry "RUS"]
[SourceTitle "EXT 2015"]
[Source "ChessBase"]
[SourceDate "2014.11.20"]
[SourceVersion "1"]
[SourceVersionDate "2014.11.20"]
[SourceQuality "1"]

1. d4 Nf6 2. c4 c5 3. d5 b5 4. cxb5 a6 5. bxa6 g6 6. Nc3 Bxa6 7. g3 d6 8. Bg2 Nbd7 9. Nf3 Bg7 10. 0-0 Nb6 11. Rb1 Bc4 12. Nd2 Bxa2 13. Nxa2 Rxa2 14. Nc4 Nxc4 15. Qb3 Rxb2 16. Bxb2 Nd2 17. Qa4+ Kf8 18. Qa7 Nxb1 19. Rxb1 Qd7 20. Qb8+ Qe8 21. Bc3 Qxb8 22. Rxb8+ Ne8 23. Rxe8+ Kxe8 24. Bxg7 Rg8 25. Bc3 Kd7 26. Kf1 Rb8 27. Ke1 Rb1+ 28. Kd2 e6 29. Bf6 Rg1 30. Be4 Kc7 31. h4 Kd7 32. Bb2 f5 33. dxe6+ Kxe6 34. Bc2 d5 35. Bg7 Rf1 36. Bf8 Rxf2 37. Bxc5 Rg2 38. Be3 Rxg3 39. Bg5 Rg4 40. Bd3 h6 41. Bxh6 Rxh4 42. Bg7 Ra4 43. Ke3 g5 44. Kf2 Kf7 45. Be5 Kg6 46. Kg3 Ra3 47. Kg2 Ra7 48. Kg3 Ra8 49. Kf2 Kh5 50. Ke3 f4+ 51. Kd4 Rd8 52. Bf5 Kh4 53. Be6 Rf8 54. Bd6 Rd8 55. Be5 Kg3 56. e3 Re8 57. exf4 gxf4 58. Kxd5 Kf3 59. Bxf4 Kxf4 60. Kd6 1/2-1/2

[Event "Chigorin Memorial 22nd"]
[Site "St Petersburg"]
[Date "2014.10.23"]
[Round "6"]
[White "Savinov, Leonid"]
[Black "Basso, Pier Luigi"]
[Result "1/2-1/2"]
[WhiteElo "2184"]
[BlackElo "2312"]
[PlyCount "131"]
[EventDate "2014.10.18"]
[EventType "swiss"]
[EventRounds "9"]
[EventCountry "RUS"]
[SourceTitle "EXT 2015"]
[Source "ChessBase"]
[SourceDate "2014.11.20"]
[SourceVersion "1"]
[SourceVersionDate "2014.11.20"]
[SourceQuality "1"]

1. d4 d6 2. e4 Nf6 3. Nc3 g6 4. Nf3 Bg7 5. Be2 0-0 6. 0-0 c6 7. Bg5 h6 8. Bf4 Nbd7 9. h3 Nh5 10. Bh2 e5 11. dxe5 dxe5 12. Qd6 Qf6 13. Qxf6 Bxf6 14. Rfd1 Re8 15. Nd2 Nf4 16. Bf1 Ne6 17. Nc4 Nd4 18. Rac1 b5 19. Nd6 Re6 20. Nxc8 Rxc8 21. Ne2 Nc5 22. c3 Nxe2+ 23. Bxe2 Ree8 24. f3 Rcd8 25. Kf1 Na4 26. Rc2 Rxd1+ 27. Bxd1 Nb6 28. Be2 Rd8 29. Bg1 Nc8 30. Be3 Bg5 31. Bxg5 hxg5 32. Ke1 Kf8 33. Rd2 Nd6 34. Rd1 Ke7 35. Kf2 f5 36. exf5 gxf5 37. g3 Rh8 38. Kg2 Ke6 39. Bd3 e4 40. fxe4 fxe4 41. Be2 Ke5 42. b3 a5 43. Bg4 a4 44. Bd7 axb3 45. axb3 Ra8 46. Bxc6 Ra2+ 47. Kf1 Nf5 48. Rd5+ Kf6 49. Kg1 Ra1+ 50. Kh2 Ra2+ 51. Kg1 Ra1+ 52. Kh2 e3 53. Bxb5 e2 54. Bxe2 Ra2 55. g4 Rxe2+ 56. Kg1 Ne3 57. Rc5 Rg2+ 58. Kh1 Rb2 59. b4 Nd1 60. Kg1 Rc2 61. c4 Nc3 62. Rf5+ Kg6 63. Rf2 Rc1+ 64. Rf1 Rc2 65. Rf2 Rc1+ 66. Rf1 1/2-1/2

[Event "Chigorin Memorial 22nd"]
[Site "St Petersburg"]
[Date "2014.10.19"]
[Round "2"]
[White "Savinov, Leonid"]
[Black "Bazeev, German"]
[Result "0-1"]
[WhiteElo "2184"]
[BlackElo "2369"]
[PlyCount "118"]
[EventDate "2014.10.18"]
[EventType "swiss"]
[EventRounds "9"]
[EventCountry "RUS"]
[SourceTitle "EXT 2015"]
[Source "ChessBase"]
[SourceDate "2014.11.20"]
[SourceVersion "1"]
[SourceVersionDate "2014.11.20"]
[SourceQuality "1"]

1. d4 Nf6 2. Nf3 e6 3. c4 b6 4. g3 Ba6 5. Qc2 Bb4+ 6. Bd2 Be7 7. Bg2 Bb7 8. 0-0 c5 9. Nc3 cxd4 10. Nxd4 Bxg2 11. Kxg2 Qc8 12. b3 h5 13. Nf3 Qb7 14. e4 Nc6 15. Rfe1 h4 16. gxh4 Ng4 17. Bf4 d6 18. Rad1 Nge5 19. Bg3 a6 20. Ng5 Ng6 21. Nf3 Nce5 22. Qe2 Nxf3 23. Qxf3 Nxh4+ 24. Bxh4 Rxh4 25. Kh1 Bf6 26. Rxd6 Be5 27. Rd3 Rxh2+ 28. Kg1 Rd8 29. Rxd8+ Kxd8 30. Rd1+ Ke8 31. Ne2 Rh4 32. Kg2 Qxe4 33. Qxe4 Rxe4 34. Kf3 Rh4 35. Ke3 Ke7 36. f4 Bd6 37. Kf3 a5 38. Rg1 g6 39. Rf1 f5 40. Ke3 Rh3+ 41. Kd2 e5 42. fxe5 Bxe5 43. Kc2 Kf6 44. Nc1 Rh2+ 45. Kd3 g5 46. c5 bxc5 47. Kc4 Bd4 48. Kb5 g4 49. a4 g3 50. Rd1 g2 51. Ne2 Rh1 52. Rd2 Re1 53. Nxd4 g1Q 54. Nc6 c4 55. Rd6+ Re6 56. Rxe6+ Kxe6 57. bxc4 Kd6 58. Nxa5 Qc5+ 59. Ka6 Kc7 0-1

[Event "St Petersburg rapid Cup"]
[Site "St Petersburg"]
[Date "2013.09.28"]
[Round "1.2"]
[White "Ivanov, Sergey"]
[Black "Savinov, Leonid"]
[Result "1-0"]
[WhiteElo "2556"]
[BlackElo "2171"]
[PlyCount "133"]
[EventDate "2013.09.28"]
[EventType "k.o. (rapid)"]
[EventRounds "5"]
[EventCountry "RUS"]
[SourceTitle "CBM 156 Extra"]
[Source "ChessBase"]
[SourceDate "2013.10.22"]
[SourceVersion "1"]
[SourceVersionDate "2013.10.22"]
[SourceQuality "1"]

1. d4 Nf6 2. c4 g6 3. Nc3 Bg7 4. e4 d6 5. Nf3 0-0 6. Be2 e5 7. 0-0 Nc6 8. d5 Ne7 9. b4 Ne8 10. c5 f5 11. Ng5 Nf6 12. f3 h6 13. Ne6 Bxe6 14. dxe6 Kh7 15. Bc4 Nc6 16. Ba3 Nd4 17. b5 Re8 18. cxd6 cxd6 19. Ne2 Rc8 20. Rc1 d5 21. exd5 Rxc4 22. Rxc4 Qxd5 23. Rc5 Qxa2 24. Nxd4 Qxa3 25. Nb3 Rxe6 26. Rc7 Rd6 27. Qc2 e4 28. fxe4 Nxe4 29. Rxb7 Qb4 30. Qc7 Qc3 31. Qxc3 Nxc3 32. g3 h5 33. Kg2 Kh6 34. Rc1 Rd3 35. Rc2 h4 36. Nc5 Re3 37. gxh4 Bd4 38. Nd7 f4 39. Rf2 g5 40. hxg5+ Kxg5 41. Nf8 Re8 42. Nh7+ Kh6 43. Rxf4 Ne2 44. Rh4+ Kg6 45. Rg4+ Kf5 46. Rg5+ Kf4 47. Rf7+ Ke3 48. h4 Re4 49. Rf3+ Kd2 50. h5 Nf4+ 51. Kg3 Ne2+ 52. Kg2 Nf4+ 53. Kh2 Ke2 54. Kg3 Nd3 55. Nf6 Be5+ 56. Rxe5 Rxe5 57. h6 Rg5+ 58. Ng4 Rxb5 59. Rf7 Rb8 60. Rxa7 Nc5 61. Re7+ Kd3 62. h7 Ne4+ 63. Kh4 Kd4 64. Kh5 Nd6 65. Kg6 Kd5 66. Nf6+ Kd4 67. Ng8 1-0

[Event "St Petersburg rapid Cup"]
[Site "St Petersburg"]
[Date "2013.09.28"]
[Round "1.1"]
[White "Savinov, Leonid"]
[Black "Ivanov, Sergey"]
[Result "0-1"]
[WhiteElo "2171"]
[BlackElo "2556"]
[PlyCount "52"]
[EventDate "2013.09.28"]
[EventType "k.o. (rapid)"]
[EventRounds "5"]
[EventCountry "RUS"]
[SourceTitle "CBM 156 Extra"]
[Source "ChessBase"]
[SourceDate "2013.10.22"]
[SourceVersion "1"]
[SourceVersionDate "2013.10.22"]
[SourceQuality "1"]

1. d4 e6 2. Nf3 Nf6 3. c4 b6 4. g3 Ba6 5. b3 d5 6. Bg2 Bb4+ 7. Bd2 Be7 8. 0-0 0-0 9. Nc3 c5 10. cxd5 exd5 11. dxc5 bxc5 12. Na4 Nbd7 13. Rc1 Re8 14. Re1 Ne4 15. Bf4 Ndf6 16. Nd2 Nxf2 17. Kxf2 g5 18. e3 gxf4 19. gxf4 Rc8 20. Bf3 Kh8 21. Rg1 Bd6 22. Bg4 Rc7 23. Qf3 Rce7 24. Rce1 Qa5 25. Qd1 Qxd2+ 26. Qxd2 Ne4+ 0-1

[Event "St Petersburg Spring op"]
[Site "St Petersburg"]
[Date "2012.03.26"]
[Round "5"]
[White "Vunder, Andrei"]
[Black "Savinov, Leonid"]
[Result "1/2-1/2"]
[WhiteElo "2273"]
[BlackElo "2200"]
[PlyCount "44"]
[EventDate "2012.03.22"]
[EventType "swiss"]
[EventRounds "9"]
[EventCountry "RUS"]
[SourceTitle "EXT 2013"]
[Source "ChessBase"]
[SourceDate "2012.11.22"]
[SourceVersion "1"]
[SourceVersionDate "2012.11.22"]
[SourceQuality "1"]

1. d4 d5 2. Nf3 Nf6 3. c4 e6 4. cxd5 exd5 5. Nc3 Be7 6. Bg5 0-0 7. e3 Re8 8. Bd3 c6 9. Qc2 Nbd7 10. 0-0 Nf8 11. Rae1 Be6 12. Ne5 Rc8 13. f4 c5 14. Bb5 Bd7 15. Bxf6 Bxf6 16. Nxd7 Nxd7 17. Nxd5 cxd4 18. Qf5 Re6 19. Bxd7 Qxd7 20. Nxf6+ gxf6 21. Rd1 Rd6 22. Qxd7 Rxd7 1/2-1/2

[Event "Chigorin Memorial 17th"]
[Site "St Petersburg"]
[Date "2009.10.24"]
[Round "9"]
[White "Burtasova, Anna"]
[Black "Savinov, Leonid"]
[Result "1-0"]
[WhiteElo "2331"]
[BlackElo "2167"]
[PlyCount "101"]
[EventDate "2009.10.16"]
[EventType "swiss"]
[EventRounds "9"]
[EventCountry "RUS"]
[SourceTitle "CBM 132 Extra"]
[Source "ChessBase"]
[SourceDate "2009.11.03"]
[SourceVersion "1"]
[SourceVersionDate "2009.11.03"]
[SourceQuality "1"]

1. e4 c6 2. d4 d5 3. exd5 cxd5 4. c4 Nf6 5. Nc3 Be6 6. c5 g6 7. Nf3 Bg7 8. b4 Ne4 9. Bb2 0-0 10. Be2 Nd7 11. 0-0 Ndf6 12. a4 Nxc3 13. Bxc3 Ne4 14. Qb3 Nxc3 15. Qxc3 Bg4 16. Rfe1 Bxf3 17. Bxf3 e6 18. b5 a6 19. Be2 Qh4 20. Red1 Rfc8 21. bxa6 bxa6 22. Rab1 e5 23. dxe5 Qxa4 24. Bf3 Qf4 25. Rxd5 Re8 26. g3 Qf5 27. Re1 Rad8 28. c6 Rc8 29. c7 Rxc7 30. Qxc7 Qxf3 31. Rd8 Rf8 32. Rxf8+ Bxf8 33. e6 fxe6 34. Qe5 Qf5 35. Qxe6+ Qxe6 36. Rxe6 a5 37. Ra6 Bb4 38. f4 Kf7 39. Kf2 h5 40. Ke3 Bc5+ 41. Ke4 Bb4 42. h3 Be1 43. g4 hxg4 44. hxg4 Bd2 45. f5 gxf5+ 46. Kxf5 Kg7 47. g5 Kf8 48. Ra7 Bc3 49. Kg6 Bd2 50. Rd7 Bc3 51. Kh7 1-0

[Event "Chigorin Memorial 17th"]
[Site "St Petersburg"]
[Date "2009.10.16"]
[Round "1"]
[White "Wen, Yang"]
[Black "Savinov, Leonid"]
[Result "1-0"]
[WhiteElo "2538"]
[BlackElo "2167"]
[PlyCount "65"]
[EventDate "2009.10.16"]
[EventType "swiss"]
[EventRounds "9"]
[EventCountry "RUS"]
[SourceTitle "CBM 132 Extra"]
[Source "ChessBase"]
[SourceDate "2009.11.03"]
[SourceVersion "1"]
[SourceVersionDate "2009.11.03"]
[SourceQuality "1"]

1. e4 c6 2. d4 d5 3. Nd2 dxe4 4. Nxe4 Nf6 5. Ng5 h6 6. N5f3 Bf5 7. Bc4 e6 8. Ne5 Nbd7 9. Ngf3 Be7 10. Qe2 0-0 11. Be3 Nd5 12. 0-0-0 N7b6 13. Bd3 Bxd3 14. Nxd3 Nc4 15. Nde5 Ncxe3 16. fxe3 Qa5 17. Kb1 c5 18. e4 Nb6 19. c3 cxd4 20. cxd4 Rac8 21. g4 Na4 22. Rc1 Qb4 23. Ka1 Bg5 24. Nxg5 hxg5 25. Nf3 b5 26. Qf2 f6 27. h4 Rc4 28. Rb1 gxh4 29. Qxh4 Rc2 30. a3 Qd6 31. e5 Qb6 32. Qh7+ Kf7 33. Qxc2 1-0

[Event "St Petersburg Autumn op"]
[Site "St Petersburg"]
[Date "2009.??.??"]
[Round "4"]
[White "Savinov, Leonid"]
[Black "Anosov, Sergey"]
[Result "1-0"]
[WhiteElo "2165"]
[BlackElo "2085"]
[PlyCount "87"]
[EventDate "2009.10.??"]
[EventType "swiss"]
[EventRounds "9"]
[EventCountry "RUS"]
[SourceTitle "EXT 2011"]
[Source "ChessBase"]
[SourceDate "2010.11.26"]
[SourceVersion "1"]
[SourceVersionDate "2010.11.26"]
[SourceQuality "1"]

1. d4 d5 2. c4 e6 3. Nf3 Nf6 4. a3 Be7 5. Nc3 0-0 6. Qc2 Nbd7 7. Bf4 c6 8. c5 b6 9. b4 bxc5 10. bxc5 Nh5 11. e3 Nxf4 12. exf4 Qc7 13. g3 Re8 14. Bd3 g6 15. 0-0 Bf6 16. Ne5 Bg7 17. Qa4 Nxe5 18. fxe5 a5 19. Rab1 Ba6 20. Bxa6 Rxa6 21. Rb2 Rb8 22. Rxb8+ Qxb8 23. Rb1 Qc7 24. Qb3 Kf8 25. Qb8+ Qxb8 26. Rxb8+ Ke7 27. Rb7+ Ke8 28. f4 a4 29. Kf2 Ra8 30. Na2 Bf8 31. Nb4 Rc8 32. Ra7 Be7 33. Rxa4 Kd7 34. Ke3 Bd8 35. Kd3 Rc7 36. Ra6 Rc8 37. Kc3 g5 38. fxg5 Bxg5 39. a4 f6 40. Ra7+ Rc7 41. Rxc7+ Kxc7 42. h4 Bh6 43. exf6 Bf8 44. Nd3 1-0